LEADER 01480nam a2200337 u 4500 001 000000074215 003 CaOOAMICUS 005 20070226122433.0 008 021203s1996 gw u000 u eng u 020 $a316145779X 035 $a10946909 040 $aPUL$bita 100 1 $aAnderson, Paul N.$0(OLS)http://pul/name/49198 245 14$aThe christology of the fourth Gospel :$bits unity and disunity in the light of John 6 /$cby Paul N. Anderson. 260 $aTübingen :$bMohr Siebeck,$c1996. 300 $axiv, 329 p. ;$c24 cm 490 1 $aWissenschaftliche Untersuchungen zum Neuen Testament.$aReihe 2 ;$v78 500 $aComprende indici. 504 $aBibliografia: p. [278]-296. 630 04$aBiblia.$pN.T.$pIohannes.$0(OLS)http://pul/subject/37924 650 4$aCristologia.$0(OLS)http://pul/subject/1402 830 0$aWissenschaftliche Untersuchungen zum Neuen Testament.$nReihe 2 ;$v78.$0(OLS)http://pul/title/264 850 $aPUL 852 $aPUL$W1$xSL Religione 1$y3$m16 I 78$j95773$nBK-PRI$b $qStampati$B95773$CPULBib$Z2$F95773 $H $81 941 1 $a8 960 $aIesus Christus$91402 960 $aIesus Christus$91402 961 $aINV: 89628 996 $6020$a316145779X$9(OLS)http://pul/number/96085 996 $6245$aThe christology of the fourth Gospel :$bits unity and disunity in the light of John 6$9(OLS)http://pul/title/97504 996 $6260$aTübingen :$bMohr Siebeck$9(OLS)http://pul/publisher/52004 LEADER 01326nam a2200313 a 4500 001 000000175543 003 CaOOAMICUS 005 20221128092657.0 008 221128s2018 it u000 u ita r 020 $a978-88-250-4559-8* 032 $aLibriCat 040 $aPUL$bita 082 04$a248.32 100 1 $aMartin, Aldo.$0(OLS)http://pul/name/59363 245 10$aAnima Christi : $bcommento biblico-spirituale a una preghiera intramontabile / $cAldo Martin. 260 $aCittà del Vaticano :$bLateran University Press,$cİ2018. 300 $a143 p. ;$c19 cm 440 0$aPregare 650 04$aPreghiera cristiana.$0(OLS)http://pul/subject/19902 830 0$aPregare.$0(OLS)http://pul/title/216998 850 $aPUL 852 $aPUL$W1$xSL Religione 3$y85$m248. 32 MARAL 1$j199750$qDDC 21$B204485$CPULBib$Z2$F204485 $H135914 $82 941 1 $a9 996 $6020$a978-88-250-4559-8*$9(OLS)http://pul/number/168917 996 $6082$a248.32$9(OLS)http://pul/classification/1876 996 $6245$aAnima Christi : $bcommento biblico-spirituale a una preghiera intramontabile / $9(OLS)http://pul/title/216997 996 $6440$aPregare$9(OLS)http://pul/title/216998 996 $6260$aCittà del Vaticano :$bLateran University Press$9(OLS)http://pul/publisher/74585